000 00513nam a2200181Ia 4500
008 191130s2000##################000#0#eng##
020 _a9780761968320
040 _aACL
_cACL
082 _a301.092 GAN.2
245 _aJean Baudrillard
_cedited by Mike Gane
260 _aThousand Oaks, CA
_bSAGE Publications
_cc2000
300 _a415 p. ; 24cm
500 _aIncludes bibliographical references
700 _aGane, Mike
990 _ace9f511dac10000c2719b337b7aebae1
991 _a236211
999 _c272834
_d272834